ಜೀವನ ಮೌಲ್ಯಗಳು (Record no. 237320)

MARC details
000 -LEADER
fixed length control field 00550nam a2200205Ia 4500
003 - CONTROL NUMBER IDENTIFIER
control field OSt
005 - DATE AND TIME OF LATEST TRANSACTION
control field 20251210102226.0
008 - FIXED-LENGTH DATA ELEMENTS--GENERAL INFORMATION
fixed length control field 250729s1988 xx 000 0 und d
020 ## - INTERNATIONAL STANDARD BOOK NUMBER
International Standard Book Number 81-7531-044-8
040 ## - CATALOGING SOURCE
Transcribing agency AL
041 ## - LANGUAGE CODE
Language code of text/sound track or separate title kan
082 ## - DEWEY DECIMAL CLASSIFICATION NUMBER
Classification number 373.11 SAHJ
100 ## - MAIN ENTRY--PERSONAL NAME
Personal name ಸಹಸ್ರಬುದ್ಧೆ ಪ್ರ ಗ
9 (RLIN) 226500
245 ## - TITLE STATEMENT
Title ಜೀವನ ಮೌಲ್ಯಗಳು
260 ## - PUBLICATION, DISTRIBUTION, ETC.
Place of publication, distribution, etc. ಬೆಂಗಳೂರು
Date of publication, distribution, etc. 1988
300 ## - PHYSICAL DESCRIPTION
Extent 143p
650 ## - SUBJECT ADDED ENTRY--TOPICAL TERM
Topical term or geographic name entry element Value Education
9 (RLIN) 226501
700 ## - ADDED ENTRY--PERSONAL NAME
Personal name Rao Digumurthi
9 (RLIN) 226502
942 ## - ADDED ENTRY ELEMENTS (KOHA)
Source of classification or shelving scheme Dewey Decimal Classification
Koha item type School of Education
Holdings
Withdrawn status Lost status Damaged status Not for loan Home library Current library Date acquired Source of acquisition Total Checkouts Full call number Barcode Date last seen Price effective from Koha item type
        St Aloysius Library St Aloysius Library 07/29/2025 Management Books   373.11 SAHJ BED02639 07/29/2025 07/29/2025 Book